000 00483nam a2200181Ia 4500
001 617
005 20260306140531.0
008 260306t1946||||xx |||||||||||||| ||spa||
041 _aESP
082 _a128
_bR764
100 _aRoig Gironella, Juan
_eAUT
245 0 _aFilosofía y vida:
_bcuatro ensayos sobre actitudes: Nietche, Ortega y Gasset, Croce, Unamuno
260 _c1946
300 _a205 páginas :
_c19 cm.
650 _aGEN
654 _aCHU
942 _cLIB
_dJUS
_fJUS
_2ddc
_n
999 _c617
_d617